Obscure Marvel Characters by Picture #5 - Statistics

General Stats
  • This quiz has been taken 33 times
  • The average score is 5 of 16
Answer Stats
Picture Answer % Correct
Ursa Major
76%
White Wolf
62%
Kahhori
52%
Shark-Girl
52%
Charlie-27
41%
Xemnu
41%
Surge
34%
El Aguila
31%
Harpoon
28%
Loa
28%
Excalibur
24%
Ulysses Solomon Archer
17%
Garokk
14%
Living Eraser
14%
Portal
10%
Geiger
7%
No matching quizzes found
Score Distribution
Percent of People with Each Score
Percentile by Number Answered
Your Score History
You have not taken this quiz